• 首页
  • 本馆介绍
  • 公告通知
  • 最新文献
  • 馆藏检索
  • 电子资源
  • 读者导购
  • 参考咨询
  • 我的图书馆
  • 登录
  • 详细信息显示
  • 放入我的书架
  • 预约/预借图书
  • 作者相关作品
  • 分类相关作品
  • 丛书相关作品
  • 出版社相关作品

书目信息

  • 表格格式
  • 工作单格式
  • 卡片格式
题名:
高等体育教育改革探索
    
 
作者: 钟秉枢 主编
分册:  
出版信息: 北京   北京体育大学出版社  2002
页数: 240页
开本: 21cm
丛书名:
单 册:
中图分类: G807.4
科图分类:
主题词: 高等学校--学校体育--教育改革--成果--北京市--汇编 , CT--S024346--高等学校 , CT--S902953--学校体育 , CT--S038807--教育改革 , 体育理论
电子资源:
ISBN: 7-81051-722-8
000 01174nam0 2200289 45
001 012002061570
005 20031219104108.9
010    @a7-81051-722-8@dCNY22.00
100    @a20020725d2002 em y0chiy0110 ea
101 0  @achi
102    @aCN@b110000
105    @ay z 000yy
106    @ar
200 1  @a高等体育教育改革探索@9gao deng ti yu jiao yu gai ge tan suo@e北京体育大学“九五”期间获奖教学成果介绍汇编@f钟秉枢主编
210    @a北京@c北京体育大学出版社@d2002
215    @a240页@d21cm
330    @a本书是北京体育大学“九五”期间获奖教学成果介绍汇编,内容包括体育教练员继续教育的设计与实践、实用运动生理学、体育专业英语阅读文选、体操学科面向21世纪教学内容和课程体系的改革等。
517 1  @a北京体育大学“九五”期间获奖教学成果介绍汇编@9bei jing ti yu da xue “jiu wu ” qi jian huo jiang jiao xue cheng guo jie shao hui bian
606 0  @a高等学校@x学校体育@x教育改革@x成果@y北京市@j汇编
606 0  @2CT@3S024346@a高等学校
606 0  @2CT@3S902953@a学校体育
606 0  @2CT@3S038807@a教育改革
606 0  @a体育理论
690    @aG807.4@v4
701  0 @a钟秉枢@9zhong bing shu@4主编
801    @aCN@bTSTC@c20030408
905    @b322323-327@dG807.4@e110@f5
    
    高等体育教育改革探索:北京体育大学“九五”期间获奖教学成果介绍汇编/钟秉枢主编.-北京:北京体育大学出版社,2002
    240页;21cm
    
    
    ISBN 7-81051-722-8:CNY22.00
    本书是北京体育大学“九五”期间获奖教学成果介绍汇编,内容包括体育教练员继续教育的设计与实践、实用运动生理学、体育专业英语阅读文选、体操学科面向21世纪教学内容和课程体系的改革等。
●
相关链接 在E读中查询图书 在五车中查询图书 在当当中查询图书 在豆瓣中查询图书


正题名:高等体育教育改革探索     索取号:G807.4/110         预约/预借

序号 登录号 条形码 馆藏地/架位号 状态 备注
1 0322323   203223234   密集书库/ [索取号:G807.4/110] 在馆    
2 0322324   203223243   密集书库/ [索取号:G807.4/110] 在馆    
3 0322325   203223252   第四借阅区/ [索取号:G807.4/110] 在馆    
4 0322326   203223261   密集书库/ [索取号:G807.4/110] 在馆    
5 0322327   203223270   第一样本阅览室/ [索取号:G807.4/110] 在馆    
6 0332010   203320101   密集书库/ [索取号:G807.4/110] 在馆    
7 0332011   203320110   密集书库/ [索取号:G807.4/110] 在馆    
8 0332012   203320129   第四借阅区/ [索取号:G807.4/110] 在馆    
9 0332013   203320138   密集书库/ [索取号:G807.4/110] 在馆    
10 0332014   203320147   密集书库/ [索取号:G807.4/110] 在馆    
唐山师范学院图书馆 欢迎您!
大连网信软件有限公司© 版权所有